Hungry Shark Evolution: All Playable Sharks - Statistics

General Stats
  • This quiz has been taken 139 times
    133 since last reset
  • The average score is 13 of 17
Answer Stats
"TIP" The Shark % Correct
Fifth Shark Great White Shark
96%
Third Shark (Has a Hammer for a Head) Hammerhead Shark
96%
Sixth Shark Megalodon
96%
Fourth Shark Tiger Shark
92%
The Basic Shark Reef Shark
91%
Second Shark Mako Shark
89%
Seventh Shark Big Daddy
76%
Eleventh Shark Leo
73%
Eight Shark Mr. Snappy
73%
Ninth Shark Alan, Destroyer of Worlds
71%
Tenth Shark Moby Dick
69%
Third Special Shark Robo Shark
68%
Second Special Shark Ice Shark
66%
First Special Shark Electro Shark
64%
Fourth Special Shark Pyro Shark
62%
Sixth Special Shark Ghost Shark
58%
Fifth Special Shark Natasha the Narwhal
49%
No matching quizzes found
Score Distribution
Percent of People with Each Score
Percentile by Number Answered
Your Score History
You have not taken this quiz since the last reset